[Event "Moscow-ch op Superfinal"]
[Site "Ershovo"]
[Date "2024.03.01"]
[Round "10"]
[White "Kokarev, Dmitry"]
[Black "Laohawirapap, Prin"]
[Result "1/2-1/2"]
[WhiteElo "2579"]
[BlackElo "2344"]
[PlyCount "113"]
[EventDate "2024.02.23"]
[EventType "swiss"]
[EventRounds "10"]
[EventCountry "RUS"]
[SourceTitle "CB10_2024"]
[SourceDate "2024.03.06"]
[SourceVersion "1"]
[SourceVersionDate "2024.03.06"]
[SourceQuality "1"]

1. e4 c5 2. Nf3 d6 3. Bb5+ Bd7 4. Bxd7+ Qxd7 5. c4 Nc6 6. d4 cxd4 7. Nxd4 Nf6 8. Nc3 g6 9. f3 Bg7 10. Be3 0-0 11. 0-0 a6 12. Qd3 Rab8 13. Nxc6 bxc6 14. b3 Qc7 15. Rac1 Nd7 16. Na4 Ne5 17. Qd2 c5 18. h3 Nc6 19. f4 Nd4 20. f5 Qb7 21. Nc3 a5 22. Bh6 a4 23. Bxg7 Kxg7 24. Nxa4 Qxe4 25. Rce1 Qh4 26. Rf4 Qh6 27. fxg6 hxg6 28. Rxd4 cxd4 29. Qxd4+ e5 30. Qxd6 Kg8 31. Nb6 Rbd8 32. Nd7 Rfe8 33. Nf6+ Kh8 34. Qc7 Qh4 35. Rf1 Qd4+ 36. Kh1 Rf8 37. Ng4 Kg8 38. c5 Rc8 39. Qxe5 Qxe5 40. Nxe5 Rfe8 41. Nd7 Re2 42. b4 Rb2 43. a3 Kg7 44. Re1 Rc7 45. Nb6 Rc6 46. Nc4 Ra2 47. Re3 Rf6 48. Rc3 Rf1+ 49. Kh2 Rff2 50. Kg3 f5 51. c6 Rae2 52. Nd6 Rxg2+ 53. Kf4 Rgf2+ 54. Kg5 Rg2+ 55. Kf4 Rgf2+ 56. Kg5 Rg2+ 57. Kf4 1/2-1/2

[Event "Moscow-ch op Superfinal"]
[Site "Ershovo"]
[Date "2024.02.24"]
[Round "2"]
[White "Novozhilov, Semen"]
[Black "Kokarev, Dmitry"]
[Result "0-1"]
[WhiteElo "2272"]
[BlackElo "2579"]
[PlyCount "62"]
[EventDate "2024.02.23"]
[EventType "swiss"]
[EventRounds "10"]
[EventCountry "RUS"]
[SourceTitle "CB10_2024"]
[SourceDate "2024.03.06"]
[SourceVersion "1"]
[SourceVersionDate "2024.03.06"]
[SourceQuality "1"]

1. d4 Nf6 2. c4 g6 3. Nc3 Bg7 4. e4 d6 5. Be2 0-0 6. Be3 c6 7. Nf3 e5 8. 0-0 exd4 9. Nxd4 Re8 10. f3 d5 11. cxd5 Nxd5 12. Nxd5 cxd5 13. Qb3 Nc6 14. Rad1 Nxd4 15. Bxd4 Bxd4+ 16. Rxd4 Qf6 17. Rd2 Qf4 18. Qxd5 Be6 19. Qd4 Bxa2 20. g3 Qc7 21. Qd6 Qxd6 22. Rxd6 Rad8 23. Rxd8 Rxd8 24. Ra1 Be6 25. b4 Rd2 26. Bf1 a6 27. Ra5 Rb2 28. b5 Rb1 29. bxa6 Bh3 30. Kf2 Rxf1+ 31. Ke2 bxa6 0-1

[Event "Ufa Startsev Memorial"]
[Site "Ufa"]
[Date "2024.02.09"]
[Round "6"]
[White "Kokarev, Dmitry"]
[Black "Afanasiev, Nikita"]
[Result "1/2-1/2"]
[WhiteElo "2579"]
[BlackElo "2540"]
[PlyCount "80"]
[EventDate "2024.02.06"]
[EventType "swiss"]
[EventRounds "9"]
[EventCountry "RUS"]
[SourceTitle "CB07_2024"]
[SourceDate "2024.02.14"]
[SourceVersion "1"]
[SourceVersionDate "2024.02.14"]
[SourceQuality "1"]

1. e4 e5 2. Nf3 Nc6 3. Bb5 a6 4. Ba4 Nf6 5. 0-0 b5 6. Bb3 Bc5 7. c3 d6 8. d4 Bb6 9. Be3 0-0 10. Nbd2 Re8 11. Bc2 h6 12. h3 Bb7 13. d5 Ne7 14. Bxb6 cxb6 15. Re1 Rc8 16. Bd3 Rc7 17. a4 bxa4 18. Qxa4 Nd7 19. Qa3 Nc5 20. Bf1 f5 21. c4 Rf8 22. Rad1 Kh8 23. exf5 Nxf5 24. b4 Nd7 25. Bd3 b5 26. cxb5 axb5 27. Bxf5 Rxf5 28. Qd3 e4 29. Nxe4 Rxd5 30. Qe2 Rxd1 31. Qxd1 Bxe4 32. Rxe4 Nf6 33. Re6 d5 34. Re1 Qd6 35. Qd2 Kg8 36. Ra1 Ne4 37. Qd3 Rc4 38. Nd2 Rxb4 39. Nxe4 Rxe4 40. Qxb5 Qe5 1/2-1/2

[Event "Ufa Startsev Memorial"]
[Site "Ufa"]
[Date "2024.02.09"]
[Round "5"]
[White "Volkov, Maksim"]
[Black "Kokarev, Dmitry"]
[Result "0-1"]
[WhiteElo "2302"]
[BlackElo "2579"]
[PlyCount "117"]
[EventDate "2024.02.06"]
[EventType "swiss"]
[EventRounds "9"]
[EventCountry "RUS"]
[SourceTitle "CB07_2024"]
[SourceDate "2024.02.14"]
[SourceVersion "1"]
[SourceVersionDate "2024.02.14"]
[SourceQuality "1"]

1. d4 Nf6 2. c4 g6 3. g3 Bg7 4. Bg2 0-0 5. Nc3 d6 6. Nf3 Nbd7 7. 0-0 e5 8. e4 exd4 9. Nxd4 Re8 10. Re1 Nc5 11. h3 Bd7 12. f3 a6 13. Be3 Rb8 14. a4 a5 15. Qc2 c6 16. Nb3 Nxb3 17. Qxb3 Be6 18. Rad1 Qc8 19. Kh2 b5 20. Rxd6 bxa4 21. Qxa4 Rxb2 22. Re2 Nxe4 23. fxe4 Bxc3 24. Rxb2 Bxb2 25. Qxa5 Bxc4 26. e5 Bxe5 27. Rxc6 Qb8 28. Bf2 Qb2 29. Qc5 Be6 30. Rb6 Qa1 31. Qb5 Rf8 32. Ra6 Qc3 33. Rc6 Qd2 34. Qxe5 Qxf2 35. Rd6 h6 36. Qd4 Qxd4 37. Rxd4 Rb8 38. Rd2 g5 39. g4 Kg7 40. Rd3 Kf6 41. Kg3 Ke5 42. Bf3 Rb4 43. Re3+ Kf6 44. Ra3 Kg6 45. Re3 Kg7 46. h4 h5 47. hxg5 Bxg4 48. Be4 Be6 49. Kf3 h4 50. Re1 h3 51. Kg3 Rb3+ 52. Kf4 h2 53. Rh1 Rh3 54. Ke5 Bc8 55. Bg2 Rh5 56. Kf4 Rh4+ 57. Ke3 Kg6 58. Bd5 Be6 59. Bg2 0-1

[Event "Ufa Startsev Memorial Rapid"]
[Site "Ufa"]
[Date "2024.02.04"]
[Round "4"]
[White "Kokarev, Dmitry"]
[Black "Ganiev, Artur"]
[Result "1-0"]
[WhiteElo "2579"]
[BlackElo "1781"]
[PlyCount "91"]
[EventDate "2024.02.04"]
[EventType "swiss (rapid)"]
[EventRounds "11"]
[EventCountry "RUS"]
[SourceTitle "CB07_2024"]
[SourceDate "2024.02.14"]
[SourceVersion "1"]
[SourceVersionDate "2024.02.14"]
[SourceQuality "1"]

1. e4 e5 2. Nf3 Nc6 3. Bb5 a6 4. Ba4 Nf6 5. 0-0 Nxe4 6. d4 b5 7. Bb3 d5 8. dxe5 Be6 9. Be3 Bc5 10. Bxc5 Nxc5 11. Nc3 d4 12. Ne2 Bxb3 13. cxb3 Ne6 14. Rc1 Qd5 15. Nc3 Qd7 16. Ne4 0-0 17. Qc2 Nb4 18. Qd2 Nc6 19. Rfe1 Qd5 20. Ng3 Rad8 21. Re4 d3 22. Rce1 Rfe8 23. h4 Nc5 24. R4e3 b4 25. Nh5 a5 26. Nf4 Qd7 27. Rc1 Qe7 28. Rc4 Nb8 29. Nxd3 Nxd3 30. Rxd3 c5 31. Rd6 Nd7 32. Re4 Nf8 33. Re3 Ne6 34. Qd5 h6 35. g3 Rc8 36. Rd7 Qf8 37. Nd2 Rcd8 38. Rd6 Rc8 39. Nc4 Nd4 40. Rd3 Ra8 41. Qxc5 Ne6 42. Qd5 a4 43. Nb6 Ra7 44. bxa4 g5 45. hxg5 Nxg5 46. Nd7 1-0

[Event "Ufa Startsev Memorial Rapid"]
[Site "Ufa"]
[Date "2024.02.04"]
[Round "5"]
[White "Sharikov, Alexander"]
[Black "Kokarev, Dmitry"]
[Result "1/2-1/2"]
[WhiteElo "2105"]
[BlackElo "2579"]
[PlyCount "49"]
[EventDate "2024.02.04"]
[EventType "swiss (rapid)"]
[EventRounds "11"]
[EventCountry "RUS"]
[SourceTitle "CB07_2024"]
[SourceDate "2024.02.14"]
[SourceVersion "1"]
[SourceVersionDate "2024.02.14"]
[SourceQuality "1"]

1. Nf3 c5 2. g3 g6 3. Bg2 Bg7 4. 0-0 Nc6 5. c4 e6 6. Nc3 Nge7 7. e3 Nf5 8. b3 0-0 9. Bb2 b6 10. d4 cxd4 11. Nxd4 Nfxd4 12. exd4 Bxd4 13. Qd2 Bb7 14. Rad1 e5 15. Ba3 Bxc3 16. Qxc3 Nd4 17. Rxd4 Bxg2 18. Bxf8 exd4 19. Qxd4 Qxf8 20. Kxg2 Qe7 21. Rd1 Rd8 22. h4 h5 23. Rd3 Qe2 24. Rd2 Qe6 25. Rd3 1/2-1/2

[Event "Ufa Startsev Memorial Blitz"]
[Site "Ufa"]
[Date "2024.02.03"]
[Round "6"]
[White "Goltsev, Dmitry"]
[Black "Kokarev, Dmitry"]
[Result "1/2-1/2"]
[WhiteElo "2215"]
[BlackElo "2579"]
[PlyCount "58"]
[EventDate "2024.02.03"]
[EventType "swiss (blitz)"]
[EventRounds "13"]
[EventCountry "RUS"]
[SourceTitle "CB07_2024"]
[SourceDate "2024.02.14"]
[SourceVersion "1"]
[SourceVersionDate "2024.02.14"]
[SourceQuality "1"]

1. e4 c5 2. Nf3 d6 3. d4 Nf6 4. dxc5 Qa5+ 5. Nc3 Nxe4 6. cxd6 Nxc3 7. bxc3 Nc6 8. dxe7 Bxe7 9. Be2 0-0 10. 0-0 Rd8 11. Bd3 Bf6 12. Bd2 Bxc3 13. Bxc3 Qxc3 14. Qe1 Qxe1 15. Rfxe1 Kf8 16. Be4 Rd6 17. Rab1 h6 18. h3 Rb8 19. Re3 Be6 20. Bxc6 Rxc6 21. Nd4 Ra6 22. Nxe6+ fxe6 23. Rc3 Ke7 24. Rc7+ Kf6 25. Rbxb7 Rxb7 26. Rxb7 Rxa2 27. c4 g5 28. c5 Rc2 29. Rxa7 Rxc5 1/2-1/2

[Event "Ufa Startsev Memorial Blitz"]
[Site "Ufa"]
[Date "2024.02.03"]
[Round "9"]
[White "Kokarev, Dmitry"]
[Black "Timofeev, Artyom"]
[Result "1-0"]
[WhiteElo "2579"]
[BlackElo "2566"]
[PlyCount "123"]
[EventDate "2024.02.03"]
[EventType "swiss (blitz)"]
[EventRounds "13"]
[EventCountry "RUS"]
[SourceTitle "CB07_2024"]
[SourceDate "2024.02.14"]
[SourceVersion "1"]
[SourceVersionDate "2024.02.14"]
[SourceQuality "1"]

1. e4 c5 2. Nf3 Nc6 3. d4 cxd4 4. Nxd4 e5 5. Nb5 d6 6. c4 Be7 7. N5c3 f5 8. exf5 Bxf5 9. Bd3 Bxd3 10. Qxd3 Nf6 11. Nd5 0-0 12. Nbc3 Nxd5 13. Qxd5+ Kh8 14. 0-0 Rc8 15. Be3 a6 16. b3 Qa5 17. Qxa5 Nxa5 18. Rac1 Nc6 19. Rfd1 h6 20. Ne4 Rcd8 21. Bb6 Rc8 22. Nxd6 Bxd6 23. Rxd6 Rf7 24. Rcd1 Kg8 25. Rd7 Nd4 26. Rxf7 Kxf7 27. Bxd4 Rd8 28. Kf1 exd4 29. Ke2 Ke6 30. Kd3 Kd6 31. Re1 Kc5 32. a3 a5 33. Re5+ Kb6 34. Rb5+ Ka6 35. Rd5 Rf8 36. f3 Re8 37. Rxd4 Re1 38. Rd6+ Ka7 39. Rg6 Re7 40. c5 Rd7+ 41. Kc3 Rc7 42. b4 axb4+ 43. axb4 Kb8 44. Kc4 Kc8 45. b5 Re7 46. Kd5 Kd7 47. b6 Rf7 48. h4 Rf5+ 49. Kc4 Rf7 50. Kb5 Kc8 51. Re6 Kd7 52. Rd6+ Kc8 53. Rd4 Re7 54. Rf4 Re1 55. Rf8+ Kd7 56. Rf7+ Kc8 57. Rc7+ Kb8 58. Rxg7 Rb1+ 59. Kc4 Kc8 60. Rc7+ Kb8 61. Rh7 Kc8 62. Rxh6 1-0

[Event "Zudov Memorial"]
[Site "Nizhnij Tagil"]
[Date "2023.07.30"]
[Round "9"]
[White "Kokarev, Dmitry"]
[Black "Voskanyan, Argisht"]
[Result "1-0"]
[WhiteElo "2601"]
[BlackElo "1900"]
[PlyCount "107"]
[EventDate "2023.07.29"]
[EventType "swiss (rapid)"]
[EventRounds "11"]
[EventCountry "RUS"]
[SourceTitle "CBM 215 Extra"]
[Source "ChessBase"]
[SourceDate "2023.09.30"]
[SourceVersion "1"]
[SourceVersionDate "2023.09.30"]
[SourceQuality "1"]

1. e4 c6 2. d4 d5 3. Nc3 dxe4 4. Nxe4 Nf6 5. Nxf6+ exf6 6. Bc4 Bd6 7. Qe2+ Be7 8. Nf3 0-0 9. 0-0 Bd6 10. Re1 a5 11. a4 Na6 12. h3 Nc7 13. c3 Re8 14. Qd1 Nd5 15. Rxe8+ Qxe8 16. Bd3 Be6 17. Qc2 g6 18. Bh6 Qd7 19. Bf1 Bc7 20. Re1 b5 21. Bd2 Nb6 22. axb5 cxb5 23. Bh6 Bd5 24. Nd2 Re8 25. Ne4 Bd8 26. Nc5 Qc6 27. Rxe8+ Qxe8 28. Qe2 Qxe2 29. Bxe2 Bc4 30. Kf1 Be7 31. Bc1 Kf8 32. b3 Bxe2+ 33. Kxe2 Bxc5 34. dxc5 Nc8 35. Kd3 Ke7 36. c4 b4 37. Kd4 Ke6 38. c6 Kd6 39. c7 Kxc7 40. Kc5 Ne7 41. Kb5 Nc6 42. Be3 Kb7 43. g4 f5 44. g5 Ne5 45. Kxa5 Nd3 46. Kb5 f4 47. Bd4 f3 48. c5 Nf4 49. c6+ Kc8 50. Kxb4 Ne6 51. Be3 Kc7 52. Kb5 Kd6 53. Kb6 Ke7 54. b4 1-0

[Event "Zudov Memorial"]
[Site "Nizhnij Tagil"]
[Date "2023.07.30"]
[Round "10"]
[White "Rezvy, Lev"]
[Black "Kokarev, Dmitry"]
[Result "1/2-1/2"]
[WhiteElo "2104"]
[BlackElo "2601"]
[PlyCount "134"]
[EventDate "2023.07.29"]
[EventType "swiss (rapid)"]
[EventRounds "11"]
[EventCountry "RUS"]
[SourceTitle "CBM 215 Extra"]
[Source "ChessBase"]
[SourceDate "2023.09.30"]
[SourceVersion "1"]
[SourceVersionDate "2023.09.30"]
[SourceQuality "1"]

1. d4 Nf6 2. c4 g6 3. g3 c5 4. d5 d6 5. Bg2 Bg7 6. Nf3 b5 7. cxb5 Qa5+ 8. Nfd2 Qxb5 9. Nc3 Qa6 10. 0-0 0-0 11. Re1 Nbd7 12. b3 Nb6 13. Bb2 Rb8 14. e4 Ng4 15. Bf1 Qa5 16. Qc2 Ba6 17. h3 Bxf1 18. Rxf1 Ne5 19. f4 Ned7 20. Nd1 Bd4+ 21. Kg2 f5 22. Nf3 fxe4 23. Qxe4 Nf6 24. Qe6+ Kh8 25. Nxd4 cxd4 26. Bxd4 Qd2+ 27. Bf2 Nbxd5 28. Qe1 Qc2 29. Ne3 Qe4+ 30. Kh2 Rb7 31. Nxd5 Qxd5 32. Rd1 Qf5 33. Bd4 h5 34. Qe2 Kh7 35. Bxf6 Rxf6 36. Qc4 Qb5 37. Qxb5 Rxb5 38. Rde1 Rf7 39. Rf2 Rc5 40. Ree2 a5 41. Rc2 Rb5 42. Rfe2 Kg7 43. Re6 Rb7 44. Rce2 Rc7 45. Kg2 Kh7 46. Kh2 Rg7 47. h4 Kg8 48. R6e4 Kf7 49. Ra4 Rc5 50. Rae4 Ke8 51. b4 axb4 52. Rxb4 Ra5 53. a4 Kf7 54. Rb7 Kf6 55. Re4 Rc5 56. Kg2 Rc2+ 57. Kf3 Ra2 58. Ra7 Rf7 59. Re3 e6 60. Ra6 Rd7 61. a5 Kf5 62. Rd3 Ra4 63. Raxd6 Rxd6 64. Rxd6 Ra3+ 65. Kf2 Rxa5 66. Kf3 Ra3+ 67. Kf2 Ra2+ 1/2-1/2

[Event "Zudov Memorial"]
[Site "Nizhnij Tagil"]
[Date "2023.07.29"]
[Round "4"]
[White "Kanter, Eduard"]
[Black "Kokarev, Dmitry"]
[Result "1/2-1/2"]
[WhiteElo "2356"]
[BlackElo "2601"]
[PlyCount "37"]
[EventDate "2023.07.29"]
[EventType "swiss (rapid)"]
[EventRounds "11"]
[EventCountry "RUS"]
[SourceTitle "CBM 215 Extra"]
[Source "ChessBase"]
[SourceDate "2023.09.30"]
[SourceVersion "1"]
[SourceVersionDate "2023.09.30"]
[SourceQuality "1"]

1. d4 Nf6 2. c4 g6 3. Nc3 Bg7 4. e4 d6 5. Nf3 0-0 6. Be2 e5 7. Be3 c6 8. 0-0 exd4 9. Nxd4 Re8 10. f3 d5 11. cxd5 Nxd5 12. Nxd5 cxd5 13. Rc1 Nc6 14. Nxc6 bxc6 15. Rxc6 Bb7 16. Rc1 dxe4 17. Qxd8 Raxd8 18. f4 a5 19. Rfd1 1/2-1/2

[Event "RUS-ch Higher League 76th"]
[Site "Novokuznetsk"]
[Date "2023.07.03"]
[Round "7"]
[White "Vetokhin, Savva"]
[Black "Kokarev, Dmitry"]
[Result "1/2-1/2"]
[WhiteElo "2412"]
[BlackElo "2601"]
[PlyCount "141"]
[EventDate "2023.06.26"]
[EventType "swiss"]
[EventRounds "9"]
[EventCountry "RUS"]
[SourceTitle "EXT 2024"]
[Source "ChessBase"]
[SourceDate "2023.10.10"]
[SourceVersion "1"]
[SourceVersionDate "2023.10.10"]
[SourceQuality "1"]

1. d4 g6 2. c4 Bg7 3. Nf3 c5 4. d5 d6 5. e4 e6 6. Nc3 Ne7 7. Be2 exd5 8. cxd5 0-0 9. 0-0 Bg4 10. Nd2 Bxe2 11. Qxe2 Re8 12. Qd1 Nc8 13. Qc2 Na6 14. Nc4 Nb6 15. Qb3 Nxc4 16. Qxc4 Nb4 17. Qb3 Rb8 18. a4 a6 19. a5 b5 20. axb6 Rxb6 21. Qc4 Qh4 22. g3 Qh5 23. Kg2 f5 24. exf5 Qxf5 25. Bd2 Qd3 26. Qxd3 Nxd3 27. Na4 Rb3 28. Bc3 c4 29. Ra3 Rxa3 30. bxa3 Rb8 31. Bxg7 Kxg7 32. Kf3 Rb3 33. Ke4 Rxa3 34. Nb6 Nc5+ 35. Kd4 c3 36. Nc4 Ra4 37. f3 Nb3+ 38. Kxc3 Rxc4+ 39. Kxb3 Rc5 40. Rd1 Kf6 41. Rd4 h5 42. h4 Ke5 43. Re4+ Kxd5 44. Re8 Kd4 45. Re6 Rc3+ 46. Kb2 d5 47. Rxa6 Rxf3 48. Rxg6 Ke3 49. Rg5 d4 50. Rxh5 Rxg3 51. Re5+ Kd2 52. Rg5 Rh3 53. Rg2+ Kd1 54. Rg1+ Kd2 55. Rg2+ Ke1 56. Rg1+ Kf2 57. Rg8 Ke3 58. Rg2 Kd3 59. Rg8 Rh2+ 60. Kc1 Rh1+ 61. Kb2 Kd2 62. Rg2+ Kd1 63. Rg3 Rxh4 64. Rd3+ Ke2 65. Kc2 Rf4 66. Rd2+ Ke3 67. Rd3+ Ke4 68. Rh3 Rf3 69. Rxf3 Kxf3 70. Kd3 Kf4 71. Kxd4 1/2-1/2

[Event "RUS-ch Higher League 76th"]
[Site "Novokuznetsk"]
[Date "2023.07.01"]
[Round "5"]
[White "Vlasenko, Miroslav"]
[Black "Kokarev, Dmitry"]
[Result "1-0"]
[WhiteElo "2381"]
[BlackElo "2601"]
[PlyCount "157"]
[EventDate "2023.06.26"]
[EventType "swiss"]
[EventRounds "9"]
[EventCountry "RUS"]
[SourceTitle "EXT 2024"]
[Source "ChessBase"]
[SourceDate "2023.10.10"]
[SourceVersion "1"]
[SourceVersionDate "2023.10.10"]
[SourceQuality "1"]

1. d4 Nf6 2. Bf4 g6 3. Nf3 Bg7 4. e3 0-0 5. Be2 d6 6. h3 c5 7. 0-0 Qb6 8. Nbd2 cxd4 9. exd4 Be6 10. c4 Qxb2 11. Rb1 Qxa2 12. Rxb7 Re8 13. Qa1 Qxa1 14. Rxa1 a5 15. Ra3 Bd7 16. g4 Rc8 17. d5 Kf8 18. Be3 a4 19. Nd4 h5 20. gxh5 Na6 21. hxg6 Nc5 22. Rb6 fxg6 23. Nc6 Nfe4 24. Nxe4 Nxe4 25. Bf3 Nc5 26. Kg2 Kf7 27. Bxc5 dxc5 28. Rb7 Bxc6 29. dxc6 Bf6 30. Bd5+ Kg7 31. Kg3 Be5+ 32. Kg4 Bd6 33. Kf3 Rf8+ 34. Kg2 Rfc8 35. Be4 Kf6 36. Bf3 Ke5 37. Rb1 Ra7 38. Rba1 Rca8 39. Bd5 Kf6 40. Re1 Rb8 41. Re6+ Kg7 42. Be4 g5 43. Rg6+ Kh8 44. Rf3 Bf4 45. h4 Rb3 46. Rxb3 axb3 47. hxg5 b2 48. Kf3 Bc7 49. Rh6+ Kg8 50. Rh7 Be5 51. g6 Kf8 52. Rf7+ Ke8 53. Rf5 Bd4 54. Kg2 Rc7 55. Rf3 b1Q 56. Bxb1 Rxc6 57. Rb3 Kf8 58. Be4 Ra6 59. f4 Kg7 60. Rb7 Kf6 61. Rb8 Kg7 62. Re8 Bf6 63. f5 Ra2+ 64. Kf3 Rh2 65. Rc8 Rh3+ 66. Kg2 Re3 67. Bd5 Bd4 68. Be6 Ra3 69. Re8 Bf6 70. Kf2 Bd4+ 71. Ke2 Bf6 72. Rg8+ Kh6 73. Rf8 Ra6 74. Kf3 Kg5 75. Rf7 Ra8 76. Ke4 Rd8 77. g7 Ba1 78. Rf8 Rd4+ 79. Ke3 1-0

[Event "RUS-chT2"]
[Site "Sochi"]
[Date "2023.05.10"]
[Round "9.1"]
[White "Kokarev, Dmitry"]
[Black "Khegay, Dmitriy"]
[Result "1-0"]
[WhiteElo "2600"]
[BlackElo "2512"]
[PlyCount "115"]
[EventDate "2023.05.01"]
[EventType "team-swiss"]
[EventRounds "9"]
[EventCountry "RUS"]
[SourceTitle "CBM 214 Extra"]
[Source "ChessBase"]
[SourceDate "2023.07.31"]
[SourceVersion "1"]
[SourceVersionDate "2023.07.31"]
[SourceQuality "1"]
[WhiteTeam "Sverdlovsk Region Malakhit"]
[BlackTeam "Krasnoyarsk Region Enisey"]
[WhiteTeamCountry "RUS"]
[BlackTeamCountry "RUS"]

1. e4 c5 2. Nf3 d6 3. d4 cxd4 4. Nxd4 Nf6 5. Nc3 a6 6. h3 g6 7. g4 Bg7 8. Bg2 Nc6 9. Be3 Nd7 10. 0-0 h5 11. g5 0-0 12. a4 Rb8 13. Kh1 Nc5 14. f4 Bd7 15. Nd5 Nxd4 16. Bxd4 Bxd4 17. Qxd4 Bc6 18. b3 Nd7 19. Qd2 f6 20. f5 Bxd5 21. exd5 Ne5 22. gxf6 Rxf6 23. fxg6 Kg7 24. Be4 Qd7 25. Kh2 Rbf8 26. Rxf6 exf6 27. Qe2 f5 28. Qxh5 Ng4+ 29. Kg1 Nh6 30. Bd3 Qe7 31. Rf1 Rf6 32. Kh1 Qe5 33. Qe2 Qxd5+ 34. Qg2 Qxg2+ 35. Kxg2 Rxg6+ 36. Kf2 a5 37. Ke3 Kf6 38. Kd4 Rg3 39. Kd5 Ke7 40. b4 axb4 41. Rb1 Kd7 42. Rxb4 Kc7 43. Rc4+ Kb8 44. h4 Rg6 45. Rf4 Rf6 46. h5 Kc7 47. a5 Kb8 48. Kd4 Kc7 49. Ke3 Ng4+ 50. Kf3 Rh6 51. Rxf5 Nf6 52. Kf4 Rxh5 53. Rxf6 Rxa5 54. Ke3 Rg5 55. Be4 Rg7 56. Bd5 Rg5 57. Rf7+ Kb6 58. Kd4 1-0

[Event "RUS-chT2"]
[Site "Sochi"]
[Date "2023.05.09"]
[Round "8.1"]
[White "Zemlyanskii, Ivan"]
[Black "Kokarev, Dmitry"]
[Result "0-1"]
[WhiteElo "2343"]
[BlackElo "2600"]
[PlyCount "106"]
[EventDate "2023.05.01"]
[EventType "team-swiss"]
[EventRounds "9"]
[EventCountry "RUS"]
[SourceTitle "CBM 214 Extra"]
[Source "ChessBase"]
[SourceDate "2023.07.31"]
[SourceVersion "1"]
[SourceVersionDate "2023.07.31"]
[SourceQuality "1"]
[WhiteTeam "Moscow Prizant School"]
[BlackTeam "Sverdlovsk Region Malakhit"]
[WhiteTeamCountry "RUS"]
[BlackTeamCountry "RUS"]

1. d4 g6 2. c4 Bg7 3. e4 d6 4. Nc3 c5 5. d5 Bxc3+ 6. bxc3 e5 7. f4 exf4 8. Bxf4 Qh4+ 9. Bg3 Qe7 10. Bd3 Nd7 11. Nf3 Nh6 12. h3 f6 13. 0-0 Nf7 14. a4 0-0 15. Ra2 Nde5 16. Raf2 Bd7 17. Nxe5 Nxe5 18. a5 Rae8 19. Be2 Kg7 20. Bh4 g5 21. Bg3 Rd8 22. h4 h6 23. h5 Rde8 24. Qc2 Bc8 25. Bh2 Qd8 26. Ra1 Re7 27. Bg3 Qe8 28. Raf1 Qd8 29. Ra1 Ref7 30. Qd1 Qe7 31. Qc2 Qd8 32. Qd1 Bd7 33. Qc2 Re7 34. Bh2 Rff7 35. Bg3 Bc8 36. Kh1 b6 37. a6 Rf8 38. Kg1 Qe8 39. Qd1 Bd7 40. Qd2 g4 41. Raf1 Qxh5 42. Rf4 Ref7 43. Qe1 Bc8 44. Qd1 Qg5 45. Qe1 h5 46. Bh4 Qh6 47. Qg3 Bxa6 48. Bxg4 hxg4 49. Rxg4+ Nxg4 50. Qxg4+ Kh8 51. Rf4 Bc8 52. Qf3 f5 53. Qf2 Qg6 0-1

[Event "RUS-chT2"]
[Site "Sochi"]
[Date "2023.05.05"]
[Round "5.2"]
[White "Kokarev, Dmitry"]
[Black "Zabotin, Alexander"]
[Result "1-0"]
[WhiteElo "2600"]
[BlackElo "2477"]
[PlyCount "89"]
[EventDate "2023.05.01"]
[EventType "team-swiss"]
[EventRounds "9"]
[EventCountry "RUS"]
[SourceTitle "CBM 214 Extra"]
[Source "ChessBase"]
[SourceDate "2023.07.31"]
[SourceVersion "1"]
[SourceVersionDate "2023.07.31"]
[SourceQuality "1"]
[WhiteTeam "Sverdlovsk Region Malakhit"]
[BlackTeam "Vladimir Region"]
[WhiteTeamCountry "RUS"]
[BlackTeamCountry "RUS"]

1. e4 e6 2. d4 d5 3. Nc3 dxe4 4. Nxe4 Nd7 5. Nf3 Ngf6 6. Nxf6+ Nxf6 7. Be3 Nd5 8. Bd2 c5 9. Bb5+ Bd7 10. Bxd7+ Qxd7 11. c4 Nf6 12. Ne5 Qc7 13. Qa4+ Nd7 14. Ba5 b6 15. Bxb6 Qb7 16. Ba5 cxd4 17. 0-0-0 Bc5 18. b4 Bb6 19. Nxd7 Qxd7 20. Qxd7+ Kxd7 21. Bxb6 axb6 22. Rxd4+ Kc7 23. Kb2 Rhd8 24. Rhd1 Rxd4 25. Rxd4 e5 26. Rd5 Re8 27. a4 e4 28. a5 bxa5 29. Rxa5 Kb7 30. Rd5 Kc7 31. Kc3 e3 32. fxe3 Rxe3+ 33. Rd3 Re2 34. Rd2 Re1 35. c5 f5 36. Kc4 f4 37. Rd5 g6 38. Kb5 Re6 39. c6 Rxc6 40. Rc5 Rxc5+ 41. Kxc5 g5 42. Kd5 Kb6 43. Ke4 Kb5 44. Kf5 h6 45. h3 1-0

[Event "RUS-chT2"]
[Site "Sochi"]
[Date "2023.05.04"]
[Round "4.1"]
[White "Yeletsky, Ivan"]
[Black "Kokarev, Dmitry"]
[Result "1/2-1/2"]
[WhiteElo "2494"]
[BlackElo "2600"]
[PlyCount "56"]
[EventDate "2023.05.01"]
[EventType "team-swiss"]
[EventRounds "9"]
[EventCountry "RUS"]
[SourceTitle "CBM 214 Extra"]
[Source "ChessBase"]
[SourceDate "2023.07.31"]
[SourceVersion "1"]
[SourceVersionDate "2023.07.31"]
[SourceQuality "1"]
[WhiteTeam "Moscow Temus Tim"]
[BlackTeam "Sverdlovsk Region Malakhit"]
[WhiteTeamCountry "RUS"]
[BlackTeamCountry "RUS"]

1. d4 Nf6 2. c4 g6 3. Nc3 Bg7 4. e4 d6 5. Be2 0-0 6. Be3 c6 7. Nf3 e5 8. d5 Ng4 9. Bg5 f6 10. Bd2 f5 11. exf5 gxf5 12. Bg5 Bf6 13. Qd2 e4 14. Bxf6 Qxf6 15. Nd4 Ne5 16. 0-0-0 c5 17. Nc2 Na6 18. f4 exf3 19. gxf3 Bd7 20. f4 Ng6 21. h4 Kh8 22. h5 Ne7 23. Ne3 Nc7 24. b3 a6 25. Qb2 b5 26. Nb1 Qxb2+ 27. Kxb2 Rg8 28. Rdg1 b4 1/2-1/2

[Event "Barnaul Kura Memorial"]
[Site "Barnaul"]
[Date "2023.02.25"]
[Round "3"]
[White "Kokarev, Dmitry"]
[Black "Khubukshanov, Erdem"]
[Result "1-0"]
[WhiteElo "2588"]
[BlackElo "2384"]
[PlyCount "79"]
[EventDate "2023.02.25"]
[EventType "swiss (rapid)"]
[EventRounds "11"]
[EventCountry "RUS"]
[SourceTitle "CBM 213 Extra"]
[Source "ChessBase"]
[SourceDate "2023.05.31"]
[SourceVersion "1"]
[SourceVersionDate "2023.05.31"]
[SourceQuality "1"]

1. e4 c5 2. Nf3 d6 3. d4 cxd4 4. Qxd4 Nf6 5. Bb5+ Bd7 6. c4 Nc6 7. Qd3 g6 8. Nc3 Bg7 9. 0-0 0-0 10. h3 a6 11. Bxc6 Bxc6 12. Nd4 Qb6 13. Rd1 Nd7 14. Be3 Qxb2 15. Rab1 Qa3 16. Nxc6 bxc6 17. Nd5 Qxd3 18. Nxe7+ Kh8 19. Rxd3 Ne5 20. Rxd6 Nxc4 21. Rxc6 Nxe3 22. fxe3 Ra7 23. Nd5 Be5 24. Kf2 h5 25. Rbb6 Rfa8 26. a4 a5 27. Kf3 Kg7 28. Rb5 Ra6 29. Rxa6 Rxa6 30. Ke2 Kh6 31. Nb6 Bc7 32. Nc4 f6 33. Kd3 g5 34. Rc5 Ra7 35. e5 fxe5 36. Nxe5 Bd8 37. Ke4 Rb7 38. Kf5 Kg7 39. Rd5 Bb6 40. e4 1-0

[Event "Cheliabinsk Lozovatsky Memorial-A"]
[Site "Cheliabinsk"]
[Date "2023.02.05"]
[Round "10"]
[White "Ponkratov, Pavel"]
[Black "Kokarev, Dmitry"]
[Result "1/2-1/2"]
[WhiteElo "2577"]
[BlackElo "2588"]
[PlyCount "82"]
[EventDate "2023.01.27"]
[EventType "swiss"]
[EventRounds "10"]
[EventCountry "RUS"]
[SourceTitle "CBM 212 Extra"]
[Source "ChessBase"]
[SourceDate "2023.03.31"]
[SourceVersion "1"]
[SourceVersionDate "2023.03.31"]
[SourceQuality "1"]

1. e4 c5 2. Nf3 d6 3. d4 cxd4 4. Nxd4 Nf6 5. Nc3 a6 6. h3 e5 7. Nde2 h5 8. Ng1 b5 9. Bg5 Nbd7 10. a4 b4 11. Nd5 Qa5 12. Bxf6 Nxf6 13. Nxf6+ gxf6 14. Qf3 d5 15. exd5 f5 16. Qg3 Qxd5 17. Nf3 e4 18. Rd1 Qc5 19. Nd4 Rh6 20. Be2 Rg6 21. Qb3 Ra7 22. 0-0 f4 23. Rfe1 Re7 24. Bf1 f3 25. Nb5 axb5 26. Rd5 Qb6 27. Qxb4 Bd7 28. Rxd7 Kxd7 29. a5 Qd6 30. Qxb5+ Kc7 31. a6 Qb6 32. Qc4+ Rc6 33. Qa4 e3 34. Rxe3 Rxe3 35. a7 Re8 36. Qf4+ Bd6 37. Qxf7+ Re7 38. Qa2 Re8 39. Qf7+ Re7 40. Qa2 Re8 41. Qf7+ Re7 1/2-1/2